000 00258nam a22001217a 4500
008 170420b xxu||||| |||| 00| 0 eng d
041 _aeng
080 _a573
100 _a11
101 _aSHM
245 _aBIOLOGY OF AGING
_cROCKSTEIN, M
942 _2udc
_cBK
999 _c11371
_d11371